| 000 | 00354nam a22001337a 4500 | ||
|---|---|---|---|
| 082 | _a297.648 TAK | ||
| 100 | _aTaqi Usmani, Muhammad | ||
| 245 | _aAmeer muawiya aur tareekhi haqayiq | ||
| 260 |
_aQuranic Studies Publishers _bKarachi _c2012 |
||
| 300 |
_a327p. : _e20 cm |
||
| 650 | _aIslamic fundamentalism | ||
| 700 | _aMuhammad Taqi Usmani | ||
| 942 | _cBK | ||
| 999 |
_c11705 _d11705 |
||